Statistics for Monarchs of England/UK 1066-present

Click here to take the quiz!

General Stats

  • This quiz has been taken 32 times
    (31 since last reset)
  • The average score is 35 of 43

Answer Stats

ReignHouseMonarch% Correct
1066-1087NormandyWilliam I
96%
1087-1100NormandyWilliam II
96%
June 1936- abdicated Dec 1936WinsorEdward VIII
92%
1952-WindsorElizabeth II
92%
1910-1936WindsorGeorge V
92%
1936-1952WinsorGeorge VI
92%
1837-1901HanovariansVictoria
92%
1901-1910HanovariansEdward VII
88%
1625-1649StuartCharles I
85%
1660-1685StuartCharles II
85%
1547-1553TudorEdward VI
85%
1558-1603TudorElizabeth I
85%
1727-1760HanovariansGeorge II
85%
1760-1820HanovariansGeorge III
85%
1485-1509TudorHenry VII
85%
1509-1547TudorHenry VIII
85%
1199-1216PlantagenetJohn
85%
1714-1727HanovariansGeorge I
81%
1820-1830HanovariansGeorge IV
81%
1100-1135NormandyHenry I
81%
1399-1413LancasterHenry IV
81%
1413-1422LancasterHenry V
81%
1422- deposed 1461LancasterHenry VI
81%
1603-1625StuartJames I (VI of Scotland)
81%
1189-1199PlantagenetRichard I
81%
1377- deposed 1399PlantagenetRichard II
81%
1135-1154NormandyStephen
81%
1689-1702Orange-NassauWilliam III
81%
1272-1307PlantagenetEdward I
77%
1307- deposed 1327PlantagenetEdward II
77%
1327-1377PlantagenetEdward III
77%
1216-1272PlantagenetHenry III
77%
1685-1688StuartJames II
77%
10 July 1553 -19 July 1553TudorLady Jane Grey
77%
1553-1558TudorMary I
77%
1483-1485YorkRichard III
77%
1702-1714StuartAnne
73%
1461-1483YorkEdward IV
73%
1483-1483YorkEdward V
73%
1154-1189PlantagenetHenry II
73%
1830-1837HanovariansWilliam IV
69%
1689-1694StuartMary II
65%
1141-1148 (disputed)NormandyMatilda
65%

Score Distribution

Percentile by Number Answered

Percent of People with Each Score

Your Score History

You have not taken this quiz since the last reset